000 00513cam a2200205ua 4500
001 9803
008 161019n ii |||gr||||Z||||||eng
020 _a9789382956860
040 _cMAIN
041 _aeng
082 _a337
100 _aRana, K.C.,
_eAuthor.
245 _aInternational economics
_cBy K.C. Rana & K.N. Verma
250 _a6th ed.
260 _aJalandhar:
_bVishal publishing,
_c2016.
300 _a607p.
653 _aInternational economics
700 _aVerma, K.N.,
_eAuthor.
942 _cBK
999 _c8813
_d8813